Flexible thermoelectric polymers and systems /

"Thermoelectric materials are important for the sustainable development of human beings because they can be used to directly convert heat into electricity. There is an abundance of low-grade heat and exhaust heat on earth, but they are usually dissipated to the environment as waste. Thermoelect...

Full description

Bibliographic Details
Other Authors: Ouyang, Jianyong (Editor)
Format: eBook
Language:English
Published: Hoboken, NJ : John Wiley & Sons, Inc., 2022.
Subjects:
Online Access:Connect to the full text of this electronic book

MARC

Tag First Indicator Second Indicator Subfields
LEADER 00000nam a2200000 i 4500
001 in00004686521
006 m o d
007 cr cnu---unuuu
008 210826t20222022nju o 001 0 eng
005 20260214233604.8
010 |a  2021033950 
020 |a 9781119550631  |q electronic book 
020 |a 1119550637  |q electronic book 
020 |a 9781119550686  |q electronic book 
020 |a 1119550688  |q electronic book 
020 |a 9781119550723  |q electronic book 
020 |a 1119550726  |q electronic book 
020 |z 9781119550709  |q hardcover 
020 |z 111955070X 
035 |a wil6007436 
035 |a (DLC)wil6007436 
040 |a DLC  |b eng  |e rda  |c DLC 
042 |a pcc 
050 0 0 |a TK2950  |b .O99 2022 
082 0 0 |a 621.31/243  |2 23 
245 0 0 |a Flexible thermoelectric polymers and systems /  |c edited by Jianyong Ouyang. 
264 1 |a Hoboken, NJ :  |b John Wiley & Sons, Inc.,  |c 2022. 
264 4 |c ©2022 
300 |a 1 online resource 
336 |a text  |b txt  |2 rdacontent 
337 |a computer  |b c  |2 rdamedia 
338 |a online resource  |b cr  |2 rdacarrier 
500 |a Includes index. 
520 |a "Thermoelectric materials are important for the sustainable development of human beings because they can be used to directly convert heat into electricity. There is an abundance of low-grade heat and exhaust heat on earth, but they are usually dissipated to the environment as waste. Thermoelectric materials can be used as the active materials of thermoelectric generators and Peltier coolers. Conventionally, inorganic semiconductors or semimetals had shown high thermoelectric performance. However, they have problems such as poor mechanical flexibility, scarce abundant elements, high fabrication cost, and toxicity. Great progress has been made on flexible thermoelectric materials including polymers and polymer composites"--  |c Provided by publisher. 
588 |a Description based on online resource; title from digital title page (viewed on April 14, 2022). 
505 0 |a 1 Fundamental Knowledge on Thermoelectric Materials 2 Conductive Polymers for Flexible Thermoelectric Systems 3 Flexible Thermoelectrics Based on Poly(3, 4-ethylenedioxythiophene) 4 Flexible thermoelectric plastic via electrochemistry 5 Thermoelectric properties of conducting polymers with ionic conductors 6 Thermoelectric properties of carbon nanomaterials/polymer composites 7 Low-dimensional Thermoelectric Materials BM Backmatter -- Index <div id=_mcePaste style=position: absolute; left: -10000px; top: 0px; width: 1px; height: 1px; overflow: hidden;> 1. Recent advances and applications <![endif] -- >Normal0falsefalsefalseEN-USX-NONEX-NONE<![endif] -- ><![endif] -- ><![endif] -- > 
650 0 |a Thermoelectric apparatus and appliances  |x Materials. 
650 0 |a Thermoresponsive polymers. 
650 0 |a Flexible electronics. 
655 4 |a Electronic books. 
700 1 |a Ouyang, Jianyong,  |e editor. 
776 0 8 |i Print version:  |a Ouyang, Jianyong.  |t Flexible thermoelectric polymers and systems  |b 1st edition.  |d Hoboken, NJ : Wiley, 2022  |z 9781119550709  |w (DLC) 2021033949 
856 4 0 |u http://proxy.library.tamu.edu/login?url=https://onlinelibrary.wiley.com/book/10.1002/9781119550723  |z Connect to the full text of this electronic book  |t 0 
955 |a Wiley EBA record 
975 |p Wiley UBCM Full Collection 2026 
999 f f |s 5c0eaa61-9f52-4179-b799-3740bb92f90d  |i ef67684f-1687-4f1e-953d-2c3b41c2f915  |t 0 
952 f f |a Texas A&M University  |b College Station  |c Electronic Resources  |s evans_pda  |d Available Online  |t 0  |e TK2950 .O99 2022  |h Library of Congress classification 
998 f f |a TK2950 .O99 2022  |t 0  |l Available Online